000 00719cam a2200205 i 4500
005 20260412110018.0
008 250721s2007 jo gr 000 0 fre d
020 _a9957075047
082 1 4 _a216.534
_bب ا ح
100 1 _aباحارث, عدنان حسن
_eمؤلف.
245 1 0 _aأسس التربية الأخلاقية للفتاة المسلمة /
_cتأليف عدنان حسن باحارث.
250 _aالطبعة الاولى.
264 3 1 _aعمان :
_bدار الفكر ناشرون,
_c2007.
300 _a265 صفحة.
650 1 7 _aالآداب الإسلامية.
650 1 7 _aالمرأة المسلمة.
650 1 7 _aالإسلام.
942 _2ddc
_cBK
999 _c107091
_d107091